000 00419nam a2200157Ia 4500
003 GCL
008 140319s9999 xx 000 0 eng d
040 _aGCL /
_cGCL
082 0 4 _a530.1
_bS M
100 1 _aSAKURAI, J. J.
245 1 0 _aMODERN QUANTUM MECHANICS /
_cSAKURAI, J. J.
260 _a[S.N] :
_bADDISON - WESLEY PUBLISHING COMPANY ،
_c1994
300 _a500 P
650 0 4 _aQUANTUM THEORY
942 _2ddc
_cBK
999 _c23839
_d23839